000 01756cam a22002174a 4500
005 20250605164124.0
008 250528s ||||||||||||||||||||||||d
035 _a18382
020 _a9602093765
040 _aGR-AtMCL
_bgre
_dGR-AtMCL
_eAACR2
245 1 _aΣιδηρές Κατασκευές / Παραδείγματα Εφαρμογής του Ευρωκώδικα 3.
_nΤόμος II
260 _bΚλειδάριθμος,
_c2005
300 _a464
520 _aΟ παρόν τόμος περιέχει 28 παραδείγματα εφαρμογής ειδικών στοιχείων και έργων από χάλυβα. Πρόλογος, Διμελές Υποστήλωμα από Διατομές Διαμορφωμένες εν Ψυχρώ, Τραπεζοειδές Χαλυβδόφυλλο Επικάλυψης, Σύνθετη Δοκός με Εγκάρσιες και Διαμήκεις Ενισχύσεις στον Κορμό, Μη Ενισχυμένος Κορμός υπό Εγκάρσιες Δυνάμεις, Δοκός με Πολλαπλά Πολυγωνικά Ανοίγματα στον Κορμό της, Μεταλλικό Σιλό, Μεταλλική Καπνοδόχος, Δοκός Κυλίσεως Γερανογέφυρας, Συμπεριφορά Δοκού σε Στρέψη, Σχεδιασμός Δοκού Έναντι Πυρκαγιάς, Αντισεισμικός Έλεγχος Εξαώροφου Πλαισιωτού Κτιρίου, Παράρτημα, Βιβλιογραφία.
700 1 _aΒάγιας Ιωάννης Κ
_93908
700 1 _aΕρμόπουλος Ιωάννης Χ
_93909
700 1 _aΙωαννίδης Γεώργιος Ι
_93910
942 _cBK
999 _c3744
_d3744